Sikap Imam asy-Syafi'i terhadap istihsan /
Saved in:
| 主要作者: | |
|---|---|
| 格式: | Thesis 图书 |
| 语言: | Indonesian |
| 出版: |
2002.
|
| 主题: | |
| 标签: |
添加标签
没有标签, 成为第一个标记此记录!
|
| LEADER | 01044cam a2200301 a 4500 | ||
|---|---|---|---|
| 001 | u747895 | ||
| 003 | SIRSI | ||
| 005 | 200711061151 | ||
| 008 | 940223s2002 io v 000 0 ind | ||
| 040 | |a UMA |e rda | ||
| 094 | |a BP148 |b Sho | ||
| 100 | 1 | |a Sholihin, Bunyana |e author. | |
| 245 | 1 | 0 | |a Sikap Imam asy-Syafi'i terhadap istihsan / |c oleh Bunyana Sholihin. |
| 260 | |c 2002. | ||
| 264 | 1 | |c 2002. | |
| 264 | 4 | |c 2002. | |
| 300 | |a xxii, 247 p. ; |c 28 cm. | ||
| 336 | |a text |2 rdacontent | ||
| 337 | |a unmediated |2 rdamedia | ||
| 338 | |a volume |2 rdacarrier | ||
| 502 | |a Thesis (Ph.D.) -- Universitas Islam Negeri Syarif Hidayatullah Jakarta, 2002. | ||
| 504 | |a Bibliography: p. 240-244. | ||
| 600 | 1 | 0 | |a Shafi`i, Muhammad ibn Idris, |d 767 or 768-820 |
| 650 | 0 | |a Islamic law |x Interpretation and construction. | |
| 710 | 2 | 0 | |a Universitas Islam Negeri Syarif Hidayatullah Jakarta. |
| 900 | |a JAR | ||
| 596 | |a 12 | ||
| 999 | |a BP148 SHO |w LC |c 1 |i A513161474 |d 18/12/2014 |e 18/12/2014 |f 22/1/2010 |g 1 |l RESERVES |m P12ISLAMKL |n 1 |p $217.90 |r Y |s Y |t TESIS |u 22/1/2010 | ||
